[Event "Buenos Aires-ch qual"]
[Site "Buenos Aires"]
[Date "2006.03.25"]
[Round "5.24"]
[White "Kovalyov, Anton"]
[Black "Santarelli, Luis"]
[Result "1-0"]
[WhiteElo "2279"]
[BlackElo "2142"]
[PlyCount "67"]
[GameId "1166648259530752"]
[EventDate "2006.03.21"]
[EventType "swiss"]
[EventRounds "9"]
[EventCountry "ARG"]
[SourceTitle "CBM 111 Extra"]
[Source "ChessBase"]
[SourceDate "2006.05.09"]
[SourceVersion "1"]
[SourceVersionDate "2006.05.09"]
[SourceQuality "1"]

1. c4 e5 2. g3 Nc6 3. Bg2 g6 4. Nc3 d6 5. e3 Bg7 6. Nge2 Bg4 7. h3 Be6 8. Nd5 Qd7 9. d4 Nd8 10. e4 f5 11. exf5 gxf5 12. Ne3 Ne7 13. f4 e4 14. d5 Bf7 15. g4 Bf6 16. Nd4 Bg6 17. gxf5 Nxf5 18. Ndxf5 Bxf5 19. Nxf5 Qxf5 20. Qg4 Qd7 21. Bxe4 Qf7 22. Rg1 Kf8 23. Kd1 b6 24. Kc2 Nb7 25. Bf5 Nc5 26. Be6 Qg7 27. Qf5 Nxe6 28. dxe6 Qh6 29. Bd2 c6 30. e7+ Ke8 31. Rae1 Bd4 32. Qe4 Bxg1 33. Qxc6+ Kf7 34. Qd5+ 1-0

[Event "Buenos Aires-ch qual"]
[Site "Buenos Aires"]
[Date "2006.03.25"]
[Round "6.16"]
[White "Garcia, Raimundo"]
[Black "Kovalyov, Anton"]
[Result "0-1"]
[WhiteElo "2351"]
[BlackElo "2279"]
[PlyCount "94"]
[GameId "1166648259682304"]
[EventDate "2006.03.21"]
[EventType "swiss"]
[EventRounds "9"]
[EventCountry "ARG"]
[SourceTitle "CBM 111 Extra"]
[Source "ChessBase"]
[SourceDate "2006.05.09"]
[SourceVersion "1"]
[SourceVersionDate "2006.05.09"]
[SourceQuality "1"]

1. d4 d5 2. c4 c6 3. Nf3 Nf6 4. Nc3 dxc4 5. a4 Bf5 6. Ne5 Nbd7 7. Nxc4 Nb6 8. Ne5 a5 9. g3 e6 10. Bg2 Bb4 11. O-O O-O 12. e3 h6 13. Qe2 Bh7 14. Rd1 Qe7 15. e4 Rfd8 16. f3 Nbd7 17. Nxd7 Rxd7 18. Be3 Ne8 19. Rac1 Rad8 20. Qf2 Nc7 21. Bf1 e5 22. dxe5 Rxd1 23. Rxd1 Rxd1 24. Nxd1 Qxe5 25. Bd4 Qe6 26. Qc2 Qd6 27. Be3 Ne6 28. Qd3 Qe7 29. Qc2 Bg6 30. Nc3 Bc5 31. Bxc5 Qxc5+ 32. Qf2 Qb4 33. h4 f6 34. Qd2 Nc5 35. Qd6 Kh7 36. g4 h5 37. g5 fxg5 38. hxg5 b6 39. Bh3 Qxb2 40. Qe5 Qc1+ 41. Kh2 Qd2+ 42. Bg2 Nd3 43. Qd4 c5 44. Qd6 Qxc3 45. f4 Qd4 46. Qxd4 cxd4 47. f5 Be8 0-1

[Event "Buenos Aires-ch qual"]
[Site "Buenos Aires"]
[Date "2006.03.26"]
[Round "7.10"]
[White "Kovalyov, Anton"]
[Black "Real de Azua, Ernesto"]
[Result "1/2-1/2"]
[WhiteElo "2462"]
[BlackElo "2383"]
[PlyCount "98"]
[GameId "1166648259842048"]
[EventDate "2006.03.21"]
[EventType "swiss"]
[EventRounds "9"]
[EventCountry "ARG"]
[SourceTitle "CBM 111 Extra"]
[Source "ChessBase"]
[SourceDate "2006.05.09"]
[SourceVersion "1"]
[SourceVersionDate "2006.05.09"]
[SourceQuality "1"]

1. c4 Nf6 2. d4 c5 3. d5 b5 4. cxb5 a6 5. b6 e6 6. Nc3 exd5 7. Nxd5 Nxd5 8. Qxd5 Nc6 9. Nf3 Rb8 10. e4 Be7 11. Bc4 O-O 12. O-O Rxb6 13. Ng5 Qe8 14. Nf3 d6 15. Qd3 Be6 16. Rb1 Bf6 17. Re1 Nb4 18. Qb3 Bd7 19. Qd1 Bb5 20. Bb3 Bd3 21. Ra1 Bb5 22. Re3 a5 23. a3 Na6 24. Qe1 a4 25. Bc2 Nc7 26. Rb1 Ne6 27. e5 dxe5 28. Nxe5 Qb8 29. Ng4 Bd4 30. Rh3 f5 31. Ne3 Nf4 32. Rf3 Ne2+ 33. Kh1 Rh6 34. h3 Nxc1 35. Rxc1 Bc6 36. Nxf5 Rxf5 37. Bxf5 Bxf3 38. gxf3 Rf6 39. Qe4 g6 40. Be6+ Kg7 41. Re1 Qxb2 42. Re2 Qxa3 43. Kg2 Qb4 44. Bd5 Qb8 45. Qe7+ Kh6 46. Re4 Rf4 47. Bg8 Bg7 48. Rxf4 Qxf4 49. Qxc5 Qg5+ 1/2-1/2

[Event "Buenos Aires-ch qual"]
[Site "Buenos Aires"]
[Date "2006.03.27"]
[Round "8.14"]
[White "Bielicki, Carlos"]
[Black "Kovalyov, Anton"]
[Result "1-0"]
[WhiteElo "2300"]
[BlackElo "2279"]
[PlyCount "75"]
[GameId "1166648260038656"]
[EventDate "2006.03.21"]
[EventType "swiss"]
[EventRounds "9"]
[EventCountry "ARG"]
[SourceTitle "CBM 111 Extra"]
[Source "ChessBase"]
[SourceDate "2006.05.09"]
[SourceVersion "1"]
[SourceVersionDate "2006.05.09"]
[SourceQuality "1"]

1. Nf3 Nf6 2. c4 c6 3. Nc3 d5 4. e3 Bg4 5. d4 e6 6. h3 Bh5 7. Be2 Nbd7 8. b3 Bd6 9. Bb2 O-O 10. O-O Qe7 11. c5 Bc7 12. b4 e5 13. Nxe5 Bxe2 14. Nxe2 Nxe5 15. dxe5 Nd7 16. f4 f6 17. e4 fxe5 18. exd5 exf4 19. d6 Qe3+ 20. Kh2 Bd8 21. Qb3+ Qxb3 22. axb3 b6 23. b5 Nb8 24. Nxf4 bxc5 25. Ne6 Re8 26. Nxd8 Rxd8 27. Rae1 cxb5 28. Re7 Nc6 29. Rxg7+ Kh8 30. b4 Nd4 31. Rg4 h5 32. Rh4 Kh7 33. bxc5 Nc6 34. Rf6 Kg8 35. Rxh5 a5 36. Rg5+ Kh7 37. Rf4 Kh6 38. Bf6 1-0

[Event "Buenos Aires-ch qual"]
[Site "Buenos Aires"]
[Date "2006.03.29"]
[Round "9.19"]
[White "Kovalyov, Anton"]
[Black "Mareco, Sandro"]
[Result "0-1"]
[WhiteElo "2279"]
[BlackElo "2289"]
[PlyCount "80"]
[GameId "1166648260235264"]
[EventDate "2006.03.21"]
[EventType "swiss"]
[EventRounds "9"]
[EventCountry "ARG"]
[SourceTitle "CBM 111 Extra"]
[Source "ChessBase"]
[SourceDate "2006.05.09"]
[SourceVersion "1"]
[SourceVersionDate "2006.05.09"]
[SourceQuality "1"]

1. c4 Nf6 2. d4 g6 3. Nc3 Bg7 4. e4 O-O 5. Be2 d6 6. Bg5 Na6 7. Qd2 Qe8 8. Bd1 e5 9. d5 Nc5 10. f3 a5 11. g4 Nfd7 12. Nb5 f6 13. Be3 Qd8 14. h4 Nb6 15. Be2 f5 16. gxf5 gxf5 17. Bg5 Bf6 18. Bxf6 Rxf6 19. Qg5+ Kh8 20. exf5 Bxf5 21. O-O-O Qe7 22. h5 Qf7 23. b3 Rg8 24. Qd2 Rg2 25. Qe3 a4 26. b4 Na6 27. Qc3 Bd7 28. Na3 Rf4 29. Kb1 Bf5+ 30. Ka1 Qg7 31. Nb5 Nxc4 32. Rc1 Nb6 33. h6 Qf7 34. Nxc7 Nxc7 35. Qxc7 Qxc7 36. Rxc7 Rxb4 37. Rc1 Nxd5 38. Rh5 Ne3 39. a3 Rb3 40. Nh3 Nc2+ 0-1

[Event "Mar del Plata op 37th"]
[Site "Mar del Plata"]
[Date "2006.04.10"]
[Round "4"]
[White "Kovalyov, Anton"]
[Black "Rodriguez Vila, Andres"]
[Result "0-1"]
[WhiteElo "2309"]
[BlackElo "2502"]
[PlyCount "60"]
[GameId "1166648291921920"]
[EventDate "2006.04.08"]
[EventType "swiss"]
[EventRounds "9"]
[EventCountry "ARG"]
[SourceTitle "CBM 111 Extra"]
[Source "ChessBase"]
[SourceDate "2006.05.09"]
[SourceVersion "1"]
[SourceVersionDate "2006.05.09"]
[SourceQuality "1"]

1. c4 d6 2. d4 f5 3. Nc3 Nf6 4. g3 g6 5. Bg2 Bg7 6. d5 O-O 7. Nh3 c5 8. O-O Na6 9. Nf4 Nc7 10. Rb1 Qe8 11. a4 g5 12. Nd3 Qg6 13. Nb5 Nce8 14. b4 a6 15. Nc3 Ne4 16. Na2 f4 17. gxf4 Bd4 18. Rb3 b5 19. Qc2 Nxf2 20. Rxf2 gxf4 21. e3 fxe3 22. Rxf8+ Kxf8 23. Ne1 e2+ 24. Kh1 Qxc2 25. Nxc2 bxc4 26. Rf3+ Nf6 27. Nc3 Bf5 28. Ne1 Bd3 29. Na2 Ke8 30. Bd2 Ne4 0-1

[Event "LNA Puma Cup"]
[Site "Argentina"]
[Date "2006.09.03"]
[Round "1"]
[White "Kovalyov, Anton"]
[Black "Balduzzi, Hugo"]
[Result "1-0"]
[WhiteElo "2344"]
[BlackElo "2205"]
[PlyCount "63"]
[GameId "1166648697868288"]
[EventDate "2006.09.03"]
[EventType "swiss"]
[EventRounds "8"]
[EventCountry "ARG"]
[SourceTitle "EXT 2008"]
[Source "ChessBase"]
[SourceDate "2007.11.25"]
[SourceVersion "1"]
[SourceVersionDate "2007.11.25"]
[SourceQuality "1"]

1. c4 g6 2. d4 Bg7 3. e4 d6 4. Nc3 Nf6 5. Be2 O-O 6. Bg5 c5 7. d5 e6 8. Qd2 exd5 9. exd5 Re8 10. Nf3 a6 11. O-O Qb6 12. Bd3 Bg4 13. Nh4 Bd7 14. a4 Qb4 15. Qc2 Ng4 16. Bd2 Qb6 17. Nf3 f5 18. Ng5 Qd8 19. Rae1 h6 20. Rxe8+ Qxe8 21. Re1 Qd8 22. Ne6 Bxe6 23. Rxe6 Ne5 24. Be2 Kh7 25. f4 Nf7 26. g4 Bd4+ 27. Kh1 Qh4 28. gxf5 Qf2 29. fxg6+ Kg7 30. Qd1 Nh8 31. Ne4 Qh4 32. Ng3 1-0

[Event "LNA Puma Cup"]
[Site "Argentina"]
[Date "2006.09.09"]
[Round "2"]
[White "Castillo, Santiago"]
[Black "Kovalyov, Anton"]
[Result "0-1"]
[WhiteElo "2086"]
[BlackElo "2344"]
[PlyCount "74"]
[GameId "1166648698007552"]
[EventDate "2006.09.03"]
[EventType "swiss"]
[EventRounds "8"]
[EventCountry "ARG"]
[SourceTitle "EXT 2008"]
[Source "ChessBase"]
[SourceDate "2007.11.25"]
[SourceVersion "1"]
[SourceVersionDate "2007.11.25"]
[SourceQuality "1"]

1. e4 e6 2. d4 d5 3. exd5 exd5 4. Bd3 Nf6 5. h3 c5 6. c3 Nc6 7. Nf3 Be7 8. O-O O-O 9. Nbd2 c4 10. Bc2 Be6 11. Re1 Bd6 12. Ne5 Bxe5 13. dxe5 Nd7 14. Nf3 h6 15. Bf4 f5 16. h4 Nc5 17. Nd4 Nxd4 18. Qxd4 Nd7 19. g3 Nb8 20. Qe3 Nc6 21. Rad1 Qe7 22. Rd2 b5 23. Bd1 Rad8 24. Bf3 Rd7 25. Red1 Rfd8 26. a3 Na5 27. Re1 Nb3 28. Rdd1 d4 29. cxd4 Nxd4 30. Bg2 Nc2 31. Rxd7 Qxd7 32. Qe2 Nxe1 33. Qxe1 Qd1 34. Qxd1 Rxd1+ 35. Kh2 Rb1 36. Be3 Rxb2 37. Bxa7 Rb3 0-1

[Event "LNA Puma Cup"]
[Site "Argentina"]
[Date "2006.09.16"]
[Round "3"]
[White "Kovalyov, Anton"]
[Black "Villanueva, Mario Nicolas"]
[Result "1-0"]
[WhiteElo "2344"]
[BlackElo "2251"]
[PlyCount "67"]
[GameId "1166648698318848"]
[EventDate "2006.09.03"]
[EventType "swiss"]
[EventRounds "8"]
[EventCountry "ARG"]
[SourceTitle "EXT 2008"]
[Source "ChessBase"]
[SourceDate "2007.11.25"]
[SourceVersion "1"]
[SourceVersionDate "2007.11.25"]
[SourceQuality "1"]

1. c4 g6 2. d4 Nf6 3. Nc3 Bg7 4. e4 d6 5. Be2 O-O 6. Bg5 a6 7. h3 c5 8. Nf3 cxd4 9. Nxd4 Nc6 10. Nb3 Be6 11. O-O Rc8 12. Nd2 h6 13. Be3 Na5 14. Nd5 Bxd5 15. cxd5 b5 16. b4 Nc4 17. Nxc4 bxc4 18. Qc2 Nd7 19. Rab1 Qc7 20. Rfc1 Qb7 21. Bxc4 Ne5 22. Qb3 Nxc4 23. Rxc4 Rxc4 24. Qxc4 Rc8 25. Qe2 Kf8 26. a4 Ke8 27. b5 axb5 28. Qxb5+ Qxb5 29. Rxb5 Rc4 30. a5 Bd4 31. Bxd4 Rxd4 32. a6 Ra4 33. Rb8+ Kd7 34. Rb7+ 1-0

[Event "LNA Puma Cup"]
[Site "Argentina"]
[Date "2006.09.23"]
[Round "4"]
[White "Kovalyov, Anton"]
[Black "Mela, Benjamin"]
[Result "1/2-1/2"]
[WhiteElo "2344"]
[BlackElo "2402"]
[PlyCount "52"]
[GameId "1166648698548224"]
[EventDate "2006.09.03"]
[EventType "swiss"]
[EventRounds "8"]
[EventCountry "ARG"]
[SourceTitle "EXT 2008"]
[Source "ChessBase"]
[SourceDate "2007.11.25"]
[SourceVersion "1"]
[SourceVersionDate "2007.11.25"]
[SourceQuality "1"]

1. c4 Nf6 2. Nc3 c5 3. Nf3 d5 4. cxd5 Nxd5 5. e3 g6 6. Bb5+ Nc6 7. Qa4 Nxc3 8. Bxc6+ bxc6 9. dxc3 Qb6 10. O-O Bg7 11. e4 O-O 12. Qc2 c4 13. Be3 c5 14. b4 cxb3 15. axb3 Qc7 16. Ra4 Bg4 17. Nd2 Be2 18. Rfa1 Be5 19. g3 Rfd8 20. Ra5 Bd3 21. Qc1 Bd6 22. Qa3 a6 23. Bf4 Rac8 24. Bxd6 Rxd6 25. c4 Be2 26. Qb2 Rcd8 1/2-1/2

[Event "LNA Puma Cup"]
[Site "Argentina"]
[Date "2006.10.01"]
[Round "5"]
[White "Kovalyov, Anton"]
[Black "Rodriguez Vila, Andres"]
[Result "1/2-1/2"]
[WhiteElo "2381"]
[BlackElo "2511"]
[PlyCount "93"]
[GameId "1166648698793984"]
[EventDate "2006.09.03"]
[EventType "swiss"]
[EventRounds "8"]
[EventCountry "ARG"]
[SourceTitle "EXT 2008"]
[Source "ChessBase"]
[SourceDate "2007.11.25"]
[SourceVersion "1"]
[SourceVersionDate "2007.11.25"]
[SourceQuality "1"]

1. c4 d6 2. Nc3 g6 3. d4 Nd7 4. e4 e5 5. Nf3 Bg7 6. g3 Ne7 7. Bg2 O-O 8. O-O h6 9. Be3 f5 10. dxe5 dxe5 11. exf5 gxf5 12. Nh4 c6 13. Re1 f4 14. Bd2 Nc5 15. Ne4 Nxe4 16. Bxe4 Bh3 17. Rc1 Qb6 18. Qc2 Nf5 19. c5 Qc7 20. Qc4+ Qf7 21. Bxf5 Qxc4 22. Rxc4 Bxf5 23. Nxf5 Rxf5 24. gxf4 Rd8 25. Re2 exf4 26. Bxf4 Rd4 27. Rxd4 Bxd4 28. Bd6 a5 29. b3 Kf7 30. Kg2 Kf6 31. f4 Bxc5 32. Be5+ Kf7 33. Kf3 Be7 34. Ke4 Rh5 35. Rd2 Rh3 36. Kf5 b5 37. Rg2 Rh5+ 38. Ke4 a4 39. bxa4 bxa4 40. Rg7+ Kf8 41. Rh7 Rxh2 42. Kf5 Rg2 43. Rxh6 Kf7 44. Rh7+ Ke8 45. Rh8+ Kd7 46. Ra8 a3 47. Ra7+ 1/2-1/2

[Event "LNA Puma Cup"]
[Site "Argentina"]
[Date "2006.10.07"]
[Round "6"]
[White "Urchipia, Carlos Daniel"]
[Black "Kovalyov, Anton"]
[Result "0-1"]
[WhiteElo "2083"]
[BlackElo "2381"]
[PlyCount "82"]
[GameId "1166648699125760"]
[EventDate "2006.09.03"]
[EventType "swiss"]
[EventRounds "8"]
[EventCountry "ARG"]
[SourceTitle "EXT 2008"]
[Source "ChessBase"]
[SourceDate "2007.11.25"]
[SourceVersion "1"]
[SourceVersionDate "2007.11.25"]
[SourceQuality "1"]

1. Nf3 Nf6 2. c4 c6 3. e3 d5 4. Nc3 a6 5. b3 Bg4 6. Be2 Nbd7 7. cxd5 cxd5 8. d4 e6 9. O-O Bd6 10. Bb2 O-O 11. Rc1 Qe7 12. h3 Bh5 13. Nd2 Bxe2 14. Qxe2 Rfc8 15. e4 dxe4 16. Ncxe4 Nxe4 17. Qxe4 Nf6 18. Qf3 Nd5 19. g3 Rc7 20. Nc4 Rac8 21. h4 h6 22. Ne5 Bxe5 23. dxe5 Qb4 24. Kg2 Qd2 25. Rxc7 Rxc7 26. Ba1 Rc2 27. Kg1 Rc1 28. Qg2 Rxf1+ 29. Qxf1 Qxa2 30. Qd1 b5 31. Bd4 Qa3 32. Qc2 Qb4 33. Qc8+ Kh7 34. Qc2+ g6 35. Qd3 h5 36. Kg2 Kg7 37. Be3 Qc3 38. Qe4 Nxe3+ 39. fxe3 Qxb3 40. Qf4 Qc2+ 41. Kg1 Qf5 0-1

[Event "LNA Puma Cup"]
[Site "Argentina"]
[Date "2006.10.15"]
[Round "7"]
[White "De Dovitiis, Alejo"]
[Black "Kovalyov, Anton"]
[Result "1/2-1/2"]
[WhiteElo "2371"]
[BlackElo "2381"]
[PlyCount "69"]
[GameId "1166648699179008"]
[EventDate "2006.09.03"]
[EventType "swiss"]
[EventRounds "8"]
[EventCountry "ARG"]
[SourceTitle "EXT 2008"]
[Source "ChessBase"]
[SourceDate "2007.11.25"]
[SourceVersion "1"]
[SourceVersionDate "2007.11.25"]
[SourceQuality "1"]

1. e4 c5 2. c3 d5 3. exd5 Qxd5 4. d4 Nf6 5. Nf3 Bg4 6. Be2 cxd4 7. cxd4 e6 8. Nc3 Qd6 9. O-O Nc6 10. Nb5 Qd8 11. Ne5 Bxe2 12. Qxe2 Nd5 13. Qg4 h5 14. Qg3 Nxe5 15. dxe5 Qd7 16. a4 a6 17. Nc3 Nxc3 18. Qxc3 Be7 19. Qg3 g6 20. Be3 O-O 21. Qf3 Qc7 22. Qe4 Rfd8 23. Rac1 Qd7 24. Bb6 Rdc8 25. Rcd1 Qc6 26. Qd4 Bc5 27. Bxc5 Qxc5 28. Qf4 Rd8 29. h3 Rd5 30. Rxd5 Qxd5 31. Rc1 Rd8 32. Rc7 Rd7 33. Rc8+ Rd8 34. Rc7 Rd7 35. Rc8+ 1/2-1/2

[Event "San Bernardo Partido de la Costa"]
[Site "San Bernardo"]
[Date "2006.10.??"]
[Round "1"]
[White "Cantarino Neto, Mario Ribeiro"]
[Black "Kovalyov, Anton"]
[Result "0-1"]
[WhiteElo "2183"]
[BlackElo "2381"]
[PlyCount "42"]
[GameId "1389603843022848"]
[EventDate "2006.10.21"]
[EventType "tourn"]
[EventRounds "10"]
[EventCountry "ARG"]
[SourceTitle "EXT 2022"]
[Source "ChessBase"]
[SourceDate "2021.10.06"]
[SourceVersion "1"]
[SourceVersionDate "2021.10.06"]
[SourceQuality "1"]

1. d4 d5 2. c4 c6 3. Nf3 Nf6 4. Nc3 dxc4 5. a4 Bf5 6. Ne5 Nbd7 7. Nxc4 Nb6 8. Ne5 a5 9. Bg5 h6 10. Bh4 Bh7 11. Qb3 e6 12. O-O-O Be7 13. e4 g5 14. Bg3 Bxe4 15. Nxe4 Nxe4 16. Qf3 Nd6 17. Kb1 h5 18. Nxc6 bxc6 19. Qxc6+ Kf8 20. Be5 f6 21. Bxd6 Qxd6 0-1

[Event "San Bernardo Partido de la Costa"]
[Site "San Bernardo"]
[Date "2006.10.??"]
[Round "2"]
[White "Kovalyov, Anton"]
[Black "Iermito, Sebastian"]
[Result "1/2-1/2"]
[WhiteElo "2381"]
[BlackElo "2185"]
[PlyCount "60"]
[GameId "1389603843059712"]
[EventDate "2006.10.21"]
[EventType "tourn"]
[EventRounds "10"]
[EventCountry "ARG"]
[SourceTitle "EXT 2022"]
[Source "ChessBase"]
[SourceDate "2021.10.06"]
[SourceVersion "1"]
[SourceVersionDate "2021.10.06"]
[SourceQuality "1"]

1. c4 c6 2. d4 d5 3. Nf3 Nf6 4. e3 a6 5. Qc2 Bg4 6. Ne5 Bh5 7. Qb3 Qc7 8. cxd5 cxd5 9. Nc3 e6 10. Bd2 Nc6 11. Rc1 Bd6 12. Bd3 Bg6 13. Nxg6 hxg6 14. h3 Nd7 15. Ne2 f5 16. f4 Nf6 17. Kf2 O-O 18. Rc2 Ne4+ 19. Bxe4 fxe4 20. h4 Qf7 21. Ke1 Rac8 22. a4 Rc7 23. g4 Rfc8 24. Kd1 Qf8 25. Rc1 Rb8 26. Qb6 Rcc8 27. Rc2 Bc7 28. Qc5 Bd6 29. Qb6 Bc7 30. Qc5 Bd6 1/2-1/2

[Event "San Bernardo Partido de la Costa"]
[Site "San Bernardo"]
[Date "2006.10.??"]
[Round "3"]
[White "Valiente, Cristobal"]
[Black "Kovalyov, Anton"]
[Result "1-0"]
[WhiteElo "2276"]
[BlackElo "2381"]
[PlyCount "77"]
[GameId "1389603843080192"]
[EventDate "2006.10.21"]
[EventType "tourn"]
[EventRounds "10"]
[EventCountry "ARG"]
[SourceTitle "EXT 2022"]
[Source "ChessBase"]
[SourceDate "2021.10.06"]
[SourceVersion "1"]
[SourceVersionDate "2021.10.06"]
[SourceQuality "1"]

1. c4 c6 2. Nf3 d5 3. d4 Nf6 4. e3 Bg4 5. h3 Bh5 6. Nc3 e6 7. g4 Bg6 8. Ne5 Nbd7 9. h4 dxc4 10. Nxg6 hxg6 11. Bxc4 Nd5 12. g5 N5b6 13. Be2 e5 14. d5 Bb4 15. dxc6 bxc6 16. Bd2 Be7 17. f4 Nc5 18. Qc2 Nd5 19. Na4 Nxa4 20. Qxc6+ Kf8 21. Qxa4 Rc8 22. Qe4 exf4 23. exf4 f5 24. gxf6 Nxf6 25. Qxg6 Rh6 26. Qg2 Nd5 27. f5 Rc2 28. Bxh6 gxh6 29. Qe4 Qa5+ 30. Kf2 Qc5+ 31. Kf3 Nf6 32. Qe6 Qb4 33. Rhg1 Qxh4 34. Rae1 Qh5+ 35. Kg3 Qg5+ 36. Kh3 Qd2 37. Rg7 Kxg7 38. Qxe7+ Kh8 39. Qxf6+ 1-0

[Event "San Bernardo Partido de la Costa"]
[Site "San Bernardo"]
[Date "2006.10.??"]
[Round "4"]
[White "Kovalyov, Anton"]
[Black "Rodi, Luis Ernesto"]
[Result "1-0"]
[WhiteElo "2381"]
[BlackElo "2283"]
[PlyCount "75"]
[GameId "1389603843100672"]
[EventDate "2006.10.21"]
[EventType "tourn"]
[EventRounds "10"]
[EventCountry "ARG"]
[SourceTitle "EXT 2022"]
[Source "ChessBase"]
[SourceDate "2021.10.06"]
[SourceVersion "1"]
[SourceVersionDate "2021.10.06"]
[SourceQuality "1"]

1. c4 f5 2. Nc3 Nf6 3. g3 g6 4. Bg2 Bg7 5. d3 d6 6. e3 Nc6 7. Nge2 e5 8. Rb1 O-O 9. O-O Ne7 10. f4 c6 11. Qd2 Qc7 12. b3 Be6 13. Ba3 Rad8 14. Rbe1 Bc8 15. Kh1 Kh8 16. Qc1 Rfe8 17. e4 a6 18. Bb2 c5 19. Nd5 Nexd5 20. cxd5 exf4 21. Nxf4 Ng4 22. d4 fxe4 23. h3 Nf6 24. dxc5 Qxc5 25. Qa1 Re5 26. Bxe5 dxe5 27. Ne6 Bxe6 28. dxe6 Nh5 29. Kh2 Qe7 30. Rd1 Rd4 31. Qc3 Qxe6 32. Bxe4 Qd7 33. Rxd4 exd4 34. Qf3 b5 35. Bd3 Qd8 36. Rc1 Be5 37. Qb7 Bxg3+ 38. Kh1 1-0

[Event "San Bernardo Partido de la Costa"]
[Site "San Bernardo"]
[Date "2006.10.??"]
[Round "5"]
[White "Guerrero, Alvaro"]
[Black "Kovalyov, Anton"]
[Result "0-1"]
[WhiteElo "2103"]
[BlackElo "2381"]
[PlyCount "154"]
[GameId "1389603843104768"]
[EventDate "2006.10.21"]
[EventType "tourn"]
[EventRounds "10"]
[EventCountry "ARG"]
[SourceTitle "EXT 2022"]
[Source "ChessBase"]
[SourceDate "2021.10.06"]
[SourceVersion "1"]
[SourceVersionDate "2021.10.06"]
[SourceQuality "1"]

1. d4 d5 2. Nf3 Nf6 3. c4 c6 4. e3 Bg4 5. Nbd2 e6 6. h3 Bh5 7. Bd3 Nbd7 8. O-O Be7 9. Qb3 Qb6 10. Qc2 Bg6 11. e4 dxe4 12. Nxe4 Qc7 13. Bg5 O-O 14. Rfe1 Rfe8 15. a3 Bxe4 16. Bxe4 Nxe4 17. Rxe4 Bxg5 18. Nxg5 Nf6 19. Re2 Rad8 20. Rd1 Re7 21. Nf3 Ne8 22. Ng5 g6 23. Ne4 Red7 24. Red2 b6 25. Qc3 h6 26. Qe3 Kg7 27. Qc3 Kh7 28. Qf3 f5 29. Nc3 Rd6 30. Qg3 Qg7 31. d5 exd5 32. cxd5 c5 33. Nb5 R6d7 34. d6 Nf6 35. Nc7 Qf7 36. Qe5 Ne4 37. Rd3 Qf6 38. Qxf6 Nxf6 39. Ne6 Re8 40. Re3 Kg8 41. Kf1 Kf7 42. Nc7 Rxe3 43. fxe3 Ne4 44. Nb5 Ke6 45. Nc7+ Kf6 46. Nb5 Ke6 47. Nc7+ Kf7 48. Nb5 a6 49. Nc7 Rxd6 50. Rxd6 Nxd6 51. Nxa6 Nc4 52. b4 cxb4 53. axb4 Nxe3+ 54. Kf2 Nd5 55. b5 Ke6 56. Kf3 Kd6 57. g4 fxg4+ 58. hxg4 Nc7 59. Nb4 Nxb5 60. Ke4 Ke6 61. Nd5 Nd6+ 62. Kd4 b5 63. Nf4+ Kf6 64. Kc5 Ne4+ 65. Kxb5 Kg5 66. Nd5 Kxg4 67. Kc4 g5 68. Kd4 Kf3 69. Ne3 Ng3 70. Nc4 h5 71. Ne5+ Kg2 72. Nf7 g4 73. Ke3 h4 74. Nh6 Nf1+ 75. Kf4 g3 76. Nf5 h3 77. Nh4+ Kf2 0-1

[Event "San Bernardo Partido de la Costa"]
[Site "San Bernardo"]
[Date "2006.10.??"]
[Round "6"]
[White "Kovalyov, Anton"]
[Black "Hobaica, Juan Pablo"]
[Result "1/2-1/2"]
[WhiteElo "2381"]
[BlackElo "2367"]
[PlyCount "79"]
[GameId "1389603843137536"]
[EventDate "2006.10.21"]
[EventType "tourn"]
[EventRounds "10"]
[EventCountry "ARG"]
[SourceTitle "EXT 2022"]
[Source "ChessBase"]
[SourceDate "2021.10.06"]
[SourceVersion "1"]
[SourceVersionDate "2021.10.06"]
[SourceQuality "1"]

1. c4 Nf6 2. Nc3 d5 3. cxd5 Nxd5 4. d4 g6 5. e4 Nxc3 6. bxc3 Bg7 7. Bg5 c5 8. Rc1 cxd4 9. cxd4 O-O 10. Nf3 Bg4 11. d5 h6 12. Be3 Nd7 13. Be2 Qa5+ 14. Qd2 Qxd2+ 15. Nxd2 Bxe2 16. Kxe2 Rfc8 17. f4 Bc3 18. Nb3 Bb4 19. Kd3 a5 20. a4 e6 21. Rxc8+ Rxc8 22. Rc1 Rd8 23. Bd4 exd5 24. exd5 Nf8 25. Ke4 f5+ 26. Kd3 Rxd5 27. Rc7 Ne6 28. Rc8+ Kf7 29. Kc4 Rd7 30. Be5 g5 31. Rh8 Kg6 32. Rg8+ Kf7 33. Rh8 Kg6 34. Rg8+ Kh5 35. fxg5 hxg5 36. Rh8+ Kg6 37. Rg8+ Kf7 38. Rh8 Kg6 39. Rg8+ Kf7 40. Rh8 1/2-1/2

[Event "San Bernardo Partido de la Costa"]
[Site "San Bernardo"]
[Date "2006.10.??"]
[Round "7"]
[White "Cubas, Jose Fernando"]
[Black "Kovalyov, Anton"]
[Result "0-1"]
[WhiteElo "2426"]
[BlackElo "2381"]
[PlyCount "96"]
[GameId "1389603843141632"]
[EventDate "2006.10.21"]
[EventType "tourn"]
[EventRounds "10"]
[EventCountry "ARG"]
[SourceTitle "EXT 2022"]
[Source "ChessBase"]
[SourceDate "2021.10.06"]
[SourceVersion "1"]
[SourceVersionDate "2021.10.06"]
[SourceQuality "1"]

1. e4 c5 2. Nf3 d6 3. d4 cxd4 4. Nxd4 Nf6 5. Nc3 a6 6. f3 e5 7. Nb3 Be6 8. Be3 Nbd7 9. Qd2 Rc8 10. Rd1 Qc7 11. Be2 b5 12. O-O Be7 13. Kh1 O-O 14. a3 Nb6 15. f4 Na4 16. Nxa4 bxa4 17. Na1 Nxe4 18. Qb4 d5 19. Qxa4 Bc5 20. Bxc5 Nxc5 21. Qb4 Rb8 22. Qd2 f6 23. b4 Ne4 24. Qd3 Nc3 25. Rc1 d4 26. Rfe1 a5 27. bxa5 Qxa5 28. Qa6 Qxa6 29. Bxa6 e4 30. Nb3 Rxb3 31. cxb3 Bxb3 32. f5 Rd8 33. h3 g6 34. fxg6 hxg6 35. Re3 dxe3 36. Rxc3 Rd1+ 37. Kh2 Bd5 38. Rxe3 f5 39. Rc3 Kf7 40. Kg3 Kf6 41. h4 Ke5 42. Bb5 f4+ 43. Kh2 Rd2 44. Kg1 e3 45. Bf1 e2 46. Bxe2 Rxe2 47. g3 Rg2+ 48. Kf1 Rxg3 0-1

[Event "San Bernardo Partido de la Costa"]
[Site "San Bernardo"]
[Date "2006.10.??"]
[Round "8"]
[White "Kovalyov, Anton"]
[Black "Fiori, Hector Dionisio"]
[Result "1-0"]
[WhiteElo "2381"]
[BlackElo "2206"]
[PlyCount "55"]
[GameId "1389603843174400"]
[EventDate "2006.10.21"]
[EventType "tourn"]
[EventRounds "10"]
[EventCountry "ARG"]
[SourceTitle "EXT 2022"]
[Source "ChessBase"]
[SourceDate "2021.10.06"]
[SourceVersion "1"]
[SourceVersionDate "2021.10.06"]
[SourceQuality "1"]

1. c4 e5 2. Nc3 Nc6 3. g3 Bc5 4. Bg2 d6 5. e3 Nge7 6. Nge2 a6 7. O-O Ba7 8. d3 h5 9. h4 Bg4 10. Qd2 Qd7 11. Kh2 g5 12. Ne4 O-O-O 13. Nxg5 Ng6 14. b4 f6 15. Nh3 Bb6 16. a4 a5 17. b5 Nce7 18. Nc3 Nf5 19. Nd5 Ngxh4 20. gxh4 Nxh4 21. f3 Nxf3+ 22. Rxf3 Bxf3 23. Bxf3 Kb8 24. Qf2 Bc5 25. Bd2 f5 26. Bxa5 b6 27. Bd2 f4 28. a5 1-0